000 00540nam a2200181Ia 4500
008 240925s9999 xx 000 0 und d
020 _a9789332549807
082 _a005.44 TAN
100 _aTanenbaum, Andrew S.; Steen, Maarten Van
245 0 _aDistributed Systems: Principles and Paradigms
250 _a2nd
260 _aNew Delhi:
_bPearson Education
_c,2015.
300 _a208p.
_bN.A
_fOriginal
500 _aIncludes Index
600 _aComputer Science
650 _aComputer science, information & general works
942 _cBK
999 _c13425
_d13425